000 00708nam a2200229Ia 4500
003 OSt
005 20220925204058.0
006 a|||||r|||| 00| 0
007 ta
008 220923b |||||||| |||| 00| 0 eng d
037 _cGeneral Book
040 _aRTL
_cRTL
_beng
041 _2eng
_aeng
082 _aX:518:(Z).1.N7, L0/UN
100 _aGeneral Agreement on Tariffs and Trade
_9126123
245 0 _aAnti dumping legislation
_b Anti dumping laws and re
260 _aGeneva
_bGATT
_c1970
300 _aii,129p
_ccm.
650 _aDumping
_9238955
942 _hX:518:(Z).1.N7, L0/UN
_cGB
_2CC
999 _c548475
_d548475